• 首页
  • 本馆介绍
  • 公告通知
  • 最新文献
  • 馆藏检索
  • 电子资源
  • 读者导购
  • 参考咨询
  • 我的图书馆
  • 登录
  • 详细信息显示
  • 放入我的书架
  • 预约/预借图书
  • 作者相关作品
  • 分类相关作品
  • 丛书相关作品
  • 出版社相关作品

书目信息

  • 表格格式
  • 工作单格式
  • 卡片格式
题名:
西方政治传统
    
 
作者: 弗里德里希·沃特金斯 ;黄辉
分册:  
出版信息: 长春   吉林人民出版社  2001
页数: 234
开本: 20cm
丛书名:
单 册:
中图分类: D5 , D095
科图分类:
主题词: 政治学--历史 , 政治思想史
电子资源:
ISBN: 7-206-03845-X
000 00759nam0 2200229 450
001 2637145664
005 20260414101945.57
010    @a7-206-03845-X@d17
100    @a20070904d km y0chiy0120 ea
101 0  @achi
200 1  @a西方政治传统@Axi fang zheng zhi chuan tong@e现代自由主义发展研究@f弗里德里希.沃特金斯@Ffu li de li xi.wo te jin si@g黄辉等@Ghuang hui deng
210    @a长春@c吉林人民出版社@d2001
215    @a234@d20cm
517 1  @a现代自由主义发展研究@Axian dai zi you zhu yi fa zhan yan jiu
606 0  @a政治学@x历史
606 0  @a政治思想史
690    @aD5@v3
690    @aD095@v4
701  0 @a弗里德里希·沃特金斯@Afu li de li xi·wo te jin si
702  0 @a黄辉@Ahuang hui
801  0 @aCN@bPFT@c20070904
905    @a213230@dD095@e225@f1
    
    西方政治传统:现代自由主义发展研究/弗里德里希.沃特金斯/黄辉等.-长春:吉林人民出版社,2001
    234;20cm
    
    
    ISBN 7-206-03845-X:17
    
●
相关链接 在E读中查询图书 在五车中查询图书 在当当中查询图书 在豆瓣中查询图书


正题名:西方政治传统     索取号:D095/225         预约/预借

序号 登录号 条形码 馆藏地/架位号 状态 备注
1 1442656   214426566   第一样本阅览室/ [索取号:D095/225] 在馆    
唐山师范学院图书馆 欢迎您!
大连网信软件有限公司© 版权所有